000 00595nam a2200229Ia 4500
003 OSt
005 20220924143500.0
006 a|||||r|||| 00| 0
007 ta
008 220923b |||||||| |||| 00| 0 urd d
024 _a308483
037 _cTextual
040 _aARTS
_cARTS
_burd
041 _2urd
_aurd
082 _aO142,3M21,12, 168J8
100 _aJalandhari Makhmoor
245 0 _aRet ka mehal
260 _c1958
650 _aRUSSIAN LITERATURE
_915056
942 _hO142,3M21,12, 168J8
_cTEXL
_2CC
999 _c454641
_d454641